[Event "Sparkassen-Open A"]
[Site "Heusenstamm, Martinsee"]
[Date "2016.11.27"]
[Round "4.6"]
[White "Boe, Mads"]
[Black "Kunin, Vitaly"]
[Result "1/2-1/2"]
[WhiteElo "2312"]
[BlackElo "2590"]
[PlyCount "126"]
[EventDate "2016.??.??"]
[WhiteTeam "SG Turm Kiel"]
[BlackTeam "Freibauer Mörlenbach"]

1. d4 Nf6 2. Nf3 b6 3. Bf4 e6 4. e3 c5 5. c3 Be7 6. h3 O-O 7. Bd3 Ba6 8. Bxa6
Nxa6 9. Qe2 Qc8 10. Nbd2 cxd4 11. exd4 Qb7 12. a4 d6 13. O-O Nc7 14. Ne1 a6 15.
Nd3 b5 16. Bg5 h6 17. Bh4 Ncd5 18. Qf3 Rab8 19. axb5 axb5 20. Ra2 Ra8 21. Rfa1
Rxa2 22. Rxa2 g5 23. Bg3 Ra8 24. Rxa8+ Qxa8 25. Qd1 Kg7 26. h4 Qh8 27. hxg5
hxg5 28. Ne1 Nh5 29. Bh2 Nhf4 30. Bxf4 Nxf4 31. g3 Nd5 32. Qe2 Qb8 33. Nc2 Qb7
34. Ne3 Nf6 35. Qd3 Kf8 36. Ndf1 b4 37. c4 Qa6 38. Qb3 Qa5 39. Nc2 Ne4 40. f3
Nf6 41. Qxb4 Qa8 42. Qa3 Qc6 43. Qd3 e5 44. dxe5 dxe5 45. b4 g4 46. fxg4 Nxg4
47. c5 e4 48. Qd4 Bf6 49. Qd1 Ne5 50. Qd6+ Qxd6 51. cxd6 Nc4 52. Kf2 Ke8 53. g4
Kd7 54. Ng3 Bh4 55. Kg2 Nxd6 56. Ne3 Be7 57. Nef5 Nxf5 58. gxf5 Kd6 59. Nxe4+
Ke5 60. Kf3 Bxb4 61. Ng5 f6 62. Ne4 Kxf5 63. Nxf6 Kxf6 1/2-1/2

[Event "Sparkassen-Open A"]
[Site "Heusenstamm, Martinsee"]
[Date "2016.11.27"]
[Round "4.7"]
[White "Schmitzer, Klaus"]
[Black "Donchenko, Alexander"]
[Result "0-1"]
[WhiteElo "2285"]
[BlackElo "2563"]
[PlyCount "78"]
[EventDate "2016.??.??"]
[WhiteTeam "Bad Vilbeler Sfr"]
[BlackTeam "DJK Aufwärts Aachen"]

1. e4 c5 2. Nf3 d6 3. d4 cxd4 4. Nxd4 Nf6 5. Nc3 a6 6. f3 e5 7. Nb3 Be6 8. Be3
h5 9. Qd2 Nbd7 10. O-O-O Rc8 11. Kb1 Be7 12. Qf2 Rxc3 13. bxc3 Qc7 14. Bd3 d5
15. Rhe1 O-O 16. h3 b5 17. g4 dxe4 18. Bxe4 Nxe4 19. fxe4 h4 20. Rd3 a5 21.
Red1 a4 22. Nd2 Rb8 23. Ka1 Nf6 24. Qg2 Bb4 25. Nb1 Qc4 26. Kb2 Qxa2+ 27. Kc1
Be7 28. g5 Nh5 29. g6 a3 30. Bg5 f6 31. Qf3 Bb3 32. Kd2 Ng3 33. Bxh4 Bxc2 34.
Ke1 Bxd3 35. Qxd3 Nh5 36. Qd7 Nf4 37. Nd2 Nxg6 38. c4 bxc4 39. Qd5+ Kf8 0-1

[Event "Sparkassen-Open A"]
[Site "Heusenstamm, Martinsee"]
[Date "2016.11.27"]
[Round "4.8"]
[White "Stocek, Jiri"]
[Black "Pfreundt, Jakob"]
[Result "1/2-1/2"]
[WhiteElo "2547"]
[BlackElo "2293"]
[PlyCount "56"]
[EventDate "2016.??.??"]
[WhiteTeam "SC Garching"]
[BlackTeam "Königsspr. SC"]

1. d4 Nf6 2. Nf3 e6 3. c4 d5 4. Nc3 Be7 5. Bg5 Nbd7 6. Qc2 h6 7. cxd5 hxg5 8.
dxe6 Nb6 9. exf7+ Kf8 10. e4 Nh5 11. O-O-O Rh6 12. Kb1 Be6 13. g3 c6 14. Be2 g4
15. Ne5 Nf6 16. h3 gxh3 17. f4 Nfd7 18. f5 Nxe5 19. dxe5 Qb8 20. fxe6 Qxe5 21.
Bg4 Qxg3 22. Rdg1 Qe3 23. Bxh3 Rd8 24. Qe2 Qxe2 25. Nxe2 Nc4 26. Bf5 Bg5 27.
Rxh6 Bxh6 28. Nc3 Ne5 1/2-1/2

[Event "Sparkassen-Open A"]
[Site "Heusenstamm, Martinsee"]
[Date "2016.11.27"]
[Round "4.9"]
[White "Sadzikowski, Daniel"]
[Black "Muckle, Julius"]
[Result "1-0"]
[WhiteElo "2538"]
[BlackElo "2178"]
[PlyCount "59"]
[EventDate "2016.??.??"]
[WhiteTeam "SC Heusenstamm"]
[BlackTeam "SK Ludwigshafen"]

1. e4 e6 2. d4 d5 3. Nc3 Nf6 4. Bg5 Be7 5. e5 Nfd7 6. h4 Bxg5 7. hxg5 Qxg5 8.
Nf3 Qe7 9. Qd2 Nc6 10. Bd3 Nf8 11. a3 Bd7 12. b4 Ng6 13. Ne2 a6 14. c3 O-O-O
15. a4 Kb8 16. Nc1 Ka7 17. Nb3 Qe8 18. b5 Nb8 19. O-O b6 20. Rfc1 Ne7 21. Rcb1
c6 22. a5 cxb5 23. axb6+ Kxb6 24. Nc5 Bc8 25. c4 dxc4 26. Qa5+ Kc6 27. Rxb5 Nd5
28. Bxc4 Nd7 29. Nxa6 N7b6 30. Bxd5+ 1-0

[Event "Sparkassen-Open A"]
[Site "Heusenstamm, Martinsee"]
[Date "2016.11.27"]
[Round "4.10"]
[White "De Visser, Leon"]
[Black "Schröder, Jan-Christian"]
[Result "1/2-1/2"]
[WhiteElo "2230"]
[BlackElo "2521"]
[PlyCount "63"]
[EventDate "2016.??.??"]
[WhiteTeam "SC Brett vorm Kopp"]
[BlackTeam "SV Hofheim"]

1. c4 e6 2. g3 d5 3. Bg2 a6 4. Nf3 dxc4 5. O-O Nf6 6. Qc2 b5 7. Ne5 Nd5 8. d3
cxd3 9. Nxd3 Bb7 10. Rd1 Nd7 11. e4 N5b6 12. b4 Qc8 13. Nc5 Be7 14. Bb2 O-O 15.
Nd2 c6 16. Ndb3 Nxc5 17. Nxc5 Nc4 18. Bf1 Nxb2 19. Qxb2 Re8 20. Qc3 Qb8 21. e5
a5 22. a3 axb4 23. axb4 Rxa1 24. Rxa1 Rd8 25. Bg2 Ba8 26. Bf3 h6 27. Kg2 Bb7
28. Ra2 Bf8 29. Qe3 Ba8 30. Qc3 Bb7 31. Qe3 Ba8 32. Qc3 1/2-1/2

[Event "Sparkassen-Open A"]
[Site "Heusenstamm, Martinsee"]
[Date "2016.11.27"]
[Round "4.11"]
[White "Dunsbach, Ralf"]
[Black "Carlstedt, Jonathan"]
[Result "1/2-1/2"]
[WhiteElo "2180"]
[BlackElo "2438"]
[PlyCount "156"]
[EventDate "2016.??.??"]
[WhiteTeam "SK Bad Homburg"]
[BlackTeam "Hamburger SK"]

1. Nf3 d5 2. c4 d4 3. e3 Nc6 4. exd4 Nxd4 5. Nxd4 Qxd4 6. Nc3 c6 7. d3 Nf6 8.
Be3 Qg4 9. h3 Qxd1+ 10. Rxd1 Bf5 11. g4 Bg6 12. Bg2 e6 13. O-O Bb4 14. Na4 h5
15. g5 Nd7 16. f4 O-O 17. a3 Be7 18. Rd2 Rfd8 19. d4 Bf5 20. Kh2 Bd6 21. d5
exd5 22. cxd5 c5 23. Nc3 a6 24. Be4 g6 25. Bxf5 gxf5 26. Kg3 Re8 27. Kf3 Nf8
28. Re2 Ng6 29. Rfe1 b5 30. Bc1 Rxe2 31. Rxe2 Rb8 32. Rc2 Ne7 33. Be3 b4 34.
Na4 bxa3 35. bxa3 Rb3 36. Nxc5 Rxa3 37. Nb7 Bxf4 38. Kxf4 Nxd5+ 39. Ke5 Nxe3
40. Rc7 f4 41. Rc8+ Kg7 42. Kxf4 Ng2+ 43. Ke4 Re3+ 44. Kf5 Rxh3 45. Nd6 Rf3+
46. Ke4 Rf4+ 47. Ke5 h4 48. Nf5+ Kg6 49. Rg8+ Kh5 50. Ne3 Rf2 51. Rh8+ Kg6 52.
Nxg2 Rxg2 53. Kf4 h3 54. Rh6+ Kg7 55. Rxh3 Ra2 56. Rh6 a5 57. Ra6 a4 58. Kg3 a3
59. Kh3 Ra1 60. Kh2 Kf8 61. Ra7 Ke8 62. Kg2 Kf8 63. Kh2 Kg8 64. Kg2 Kh7 65. Ra6
Kg7 66. Kh2 Rf1 67. Rxa3 Kg6 68. Kg3 Kxg5 69. Ra5+ Rf5 70. Ra7 Kg6 71. Ra6+ f6
72. Ra8 Rg5+ 73. Kf4 Rb5 74. Rg8+ Kf7 75. Ra8 Rb4+ 76. Kf5 Rb5+ 77. Kf4 Rb4+
78. Kf5 Rb5+ 1/2-1/2

[Event "Sparkassen-Open A"]
[Site "Heusenstamm, Martinsee"]
[Date "2016.11.27"]
[Round "4.12"]
[White "Dubiel, Jacek"]
[Black "Wolf, Ulrich Martin"]
[Result "1-0"]
[WhiteElo "2422"]
[BlackElo "2161"]
[PlyCount "119"]
[EventDate "2016.??.??"]
[WhiteTeam "SV Oberursel"]
[BlackTeam "SC Hansa Dortmund"]

1. e4 c5 2. Nc3 Nc6 3. Nge2 e5 4. Nd5 d6 5. Nec3 a6 6. a4 Be6 7. Bc4 Nf6 8. d3
Be7 9. O-O O-O 10. f4 exf4 11. Bxf4 h6 12. Qd2 Kh7 13. Nxe7 Qxe7 14. Nd5 Bxd5
15. exd5 Ne5 16. Rae1 Nfd7 17. c3 Qd8 18. Bb3 Qb6 19. Bc2 Kg8 20. Kh1 Ng6 21.
Be3 Rae8 22. d4 c4 23. Bxh6 Rxe1 24. Rxe1 Qxb2 25. Rb1 Qa2 26. Qc1 gxh6 27. Ra1
Qxa1 28. Qxa1 Nf4 29. Qc1 Re8 30. h3 Nxd5 31. Qxh6 N7f6 32. Kh2 Re3 33. Bd1
Rxc3 34. Bf3 Rxf3 35. gxf3 b5 36. Qc1 c3 37. a5 b4 38. Qd1 Nf4 39. Qb3 N6d5 40.
Qc4 Ne3 41. Qxa6 c2 42. Qc8+ Kg7 43. a6 Nfd5 44. a7 Nb6 45. Qc6 b3 46. Qc3 Ned5
47. Qd2 f6 48. h4 Nb4 49. Qxb4 c1=Q 50. Qxb6 Qf4+ 51. Kg2 Qd2+ 52. Kh3 Qd1 53.
a8=Q Qf1+ 54. Kg3 Qe1+ 55. Kg4 Qg1+ 56. Kf5 Qg6+ 57. Ke6 f5+ 58. Kd7 Qf7+ 59.
Kxd6 Qf6+ 60. Kc5 1-0

[Event "Sparkassen-Open A"]
[Site "Heusenstamm, Martinsee"]
[Date "2016.11.27"]
[Round "4.13"]
[White "Weichhold, Pawel"]
[Black "Vangsgaard, Bjarke"]
[Result "1-0"]
[WhiteElo "2407"]
[BlackElo "2022"]
[PlyCount "51"]
[EventDate "2016.??.??"]
[WhiteTeam "SC Heusenstamm"]
[BlackTeam "Vejlby-Risskov"]

1. e4 c6 2. Nc3 d5 3. Nf3 dxe4 4. Nxe4 Nf6 5. Nxf6+ gxf6 6. d4 Bg4 7. Be2 e6 8.
Be3 Nd7 9. c4 Bb4+ 10. Nd2 Bf5 11. Qb3 Ba5 12. O-O Qb6 13. d5 Qc7 14. Rfd1 cxd5
15. Rac1 Rc8 16. Nf3 O-O 17. Nd4 Be4 18. cxd5 Qe5 19. dxe6 Bd5 20. exf7+ Kxf7
21. Qa4 Bc7 22. Qxd7+ Kg8 23. Qh3 Kh8 24. Bd3 h5 25. Bf4 Bxg2 26. Qxc8 1-0

[Event "Sparkassen-Open A"]
[Site "Heusenstamm, Martinsee"]
[Date "2016.11.27"]
[Round "4.14"]
[White "Küpper, Martin"]
[Black "Solonar, Stefan"]
[Result "0-1"]
[WhiteElo "2019"]
[BlackElo "2325"]
[PlyCount "96"]
[EventDate "2016.??.??"]
[WhiteTeam "SC Fulda"]
[BlackTeam "SC Heusenstamm"]

1. e4 c5 2. c3 Nf6 3. e5 Nd5 4. d4 cxd4 5. Nf3 Nc6 6. Bc4 Nb6 7. Bb3 d5 8. exd6
Qxd6 9. O-O Be6 10. Na3 Bxb3 11. Qxb3 e6 12. Nb5 Qd7 13. Nfxd4 Nxd4 14. Nxd4
Be7 15. Rd1 O-O 16. Be3 Qc8 17. Nb5 Bc5 18. Bxc5 Qxc5 19. Rd3 Nd5 20. Rad1 Nf4
21. R3d2 Qc6 22. f3 Qc5+ 23. Nd4 a6 24. Kh1 b5 25. a4 Rab8 26. axb5 axb5 27.
Qc2 Rbd8 28. Qe4 e5 29. Nc6 Rxd2 30. Rxd2 Ng6 31. h4 Nxh4 32. Nxe5 Qe7 33. f4
Qe6 34. Qd4 Nf5 35. Qf2 h5 36. Nf3 Qe4 37. Ng5 Qb1+ 38. Kh2 Nh6 39. Qe2 Ng4+
40. Kg3 Qg1 41. Nf3 Qc5 42. Nd4 Rb8 43. Qd3 g6 44. Re2 b4 45. c4 Rd8 46. Rd2
Nh6 47. Kf3 Nf5 48. Ke4 Rxd4+ 0-1

[Event "Sparkassen-Open A"]
[Site "Heusenstamm, Martinsee"]
[Date "2016.11.27"]
[Round "4.15"]
[White "Donchenko, Anatoly"]
[Black "Kornitzky, Tino"]
[Result "1-0"]
[WhiteElo "2317"]
[BlackElo "2018"]
[PlyCount "57"]
[EventDate "2016.??.??"]
[WhiteTeam "SK Gießen"]
[BlackTeam "SC Erlangen"]

1. c4 e6 2. d4 Nf6 3. Nf3 d5 4. g3 Be7 5. Bg2 O-O 6. O-O dxc4 7. Ne5 Nc6 8.
Nxc6 bxc6 9. Na3 Bxa3 10. bxa3 Rb8 11. Qa4 Rb6 12. Qxc4 Ba6 13. Qc2 Qxd4 14.
Be3 Qb2 15. Rfc1 Qxc2 16. Rxc2 Rbb8 17. Bxa7 Ra8 18. Bc5 Rfd8 19. Bxc6 Rab8 20.
Ba7 Rbc8 21. Bc5 Rb8 22. Rac1 h6 23. f3 Kh7 24. Kf2 Nd5 25. h4 f6 26. h5 Kg8
27. Rd1 Bb5 28. Bxb5 Rxb5 29. e4 1-0

[Event "Sparkassen-Open A"]
[Site "Heusenstamm, Martinsee"]
[Date "2016.11.27"]
[Round "4.16"]
[White "Zeller, Frank"]
[Black "Paskalutsa, Vladimir"]
[Result "1-0"]
[WhiteElo "2402"]
[BlackElo "1868"]
[PlyCount "87"]
[EventDate "2016.??.??"]
[WhiteTeam "SK Schwäbisch Hall"]
[BlackTeam "SF Mainz"]

1. e4 e5 2. Nf3 Nc6 3. Bb5 a6 4. Ba4 Nf6 5. O-O Be7 6. Re1 b5 7. Bb3 O-O 8. d3
h6 9. Nbd2 d6 10. c3 Na5 11. Bc2 c5 12. d4 Nc6 13. d5 Nb8 14. a4 Bb7 15. b4 Qb6
16. Nb3 c4 17. Na5 Nbd7 18. Nh4 Rfe8 19. Nf5 Bf8 20. g4 Kh7 21. Re3 Ng8 22. Rh3
f6 23. Qf3 Be7 24. Nxh6 gxh6 25. Qf5+ Kg7 26. Qxd7 Rab8 27. axb5 axb5 28. Be3
Qd8 29. Qxb5 Qc8 30. Nc6 Bxc6 31. Qxc6 Rb7 32. Ba4 Rd8 33. Qxc8 Rxc8 34. Bc6
Rbc7 35. b5 Bd8 36. b6 Rf7 37. b7 Rb8 38. Ra8 Bc7 39. Ba7 Rff8 40. Re3 Ne7 41.
Bxb8 Bxb8 42. Re2 Ng6 43. Rea2 Bc7 44. Rxf8 1-0

[Event "Sparkassen-Open A"]
[Site "Heusenstamm, Martinsee"]
[Date "2016.11.27"]
[Round "4.17"]
[White "Rondonuwu, Grover"]
[Black "Michalik, Peter"]
[Result "0-1"]
[WhiteElo "2066"]
[BlackElo "2550"]
[PlyCount "66"]
[EventDate "2016.??.??"]
[WhiteTeam "Frankfurter TV"]
[BlackTeam "SK Schwäbisch Hall"]

1. d4 Nf6 2. Nf3 g6 3. Bf4 Bg7 4. e3 O-O 5. Be2 d6 6. O-O c5 7. c3 cxd4 8. exd4
Nc6 9. Nbd2 Re8 10. Bb5 a6 11. Ba4 b5 12. Bb3 Na5 13. Bc2 Bb7 14. Re1 Rc8 15.
Rc1 Nd5 16. Bg5 h6 17. Bh4 Rxc3 18. Ne4 Rc8 19. Qe2 Nc4 20. Bg3 Nxb2 21. Bb1
Rxc1 22. Rxc1 Na4 23. h4 Nf6 24. Nxf6+ exf6 25. Qd2 h5 26. Bd3 Nb6 27. Qb4 Bh6
28. Rc2 Bf8 29. Qb3 Bd5 30. Qa3 Qa8 31. Be2 Bc4 32. Bxc4 Nxc4 33. Qb3 d5 0-1

[Event "Sparkassen-Open A"]
[Site "Heusenstamm, Martinsee"]
[Date "2016.11.27"]
[Round "4.18"]
[White "Bordin, Igor"]
[Black "Margolin, Boris"]
[Result "0-1"]
[WhiteElo "2063"]
[BlackElo "2391"]
[PlyCount "108"]
[EventDate "2016.??.??"]
[WhiteTeam "SC Fehrbach"]
[BlackTeam "SV Oberursel"]

1. e4 c5 2. Nc3 Nc6 3. f4 e6 4. Nf3 Nge7 5. g4 d5 6. Qe2 d4 7. Nd1 Bd7 8. d3
Qb6 9. Bg2 f6 10. O-O O-O-O 11. c3 Kb8 12. cxd4 cxd4 13. a3 e5 14. f5 Nc8 15.
b4 Qa6 16. Rb1 N6e7 17. Nd2 Nb6 18. Nb3 Na4 19. Bd2 Bb5 20. Rf3 Nc8 21. Bf1 Be7
22. Be1 b6 23. Ra1 Nd6 24. Nb2 Rc8 25. Nxa4 Bxa4 26. Qb2 Nb5 27. Rf2 Bd6 28.
Rg2 Qb7 29. g5 Qf7 30. Nc1 fxg5 31. Rxg5 Rc2 32. Qb1 Rhc8 33. Ne2 R8c6 34. Rg2
Qc7 35. Bh4 Bf8 36. Bg5 Qf7 37. Bh4 g6 38. fxg6 Rxg6 39. Bg3 Qe6 40. Rf2 Bh6
41. Rf5 Nd6 42. Rh5 Qg4 43. Rxe5 Be3+ 44. Kh1 Qf3+ 45. Bg2 Qxe2 46. Qf1 Qxf1+
47. Rxf1 Rc1 48. Rxc1 Bxc1 49. Rd5 Kc7 50. Rxd4 Bb3 51. e5 Nf5 52. Re4 Rxg3 53.
Re1 Bd2 54. Rb1 Rxd3 0-1

[Event "Sparkassen-Open A"]
[Site "Heusenstamm, Martinsee"]
[Date "2016.11.27"]
[Round "4.19"]
[White "Osmanodja, Filiz"]
[Black "Flach, Erich"]
[Result "1-0"]
[WhiteElo "2308"]
[BlackElo "2062"]
[PlyCount "58"]
[EventDate "2016.??.??"]
[WhiteTeam "USV TU Dresden"]
[BlackTeam "SK Langen"]

1. e4 c5 2. Nf3 e6 3. Nc3 a6 4. d4 cxd4 5. Nxd4 Qc7 6. Bd3 Nf6 7. O-O d6 8. f4
Nbd7 9. Nf3 b5 10. Qe2 Bb7 11. e5 Nd5 12. Ne4 Rc8 13. f5 Nxe5 14. fxe6 f6 15.
Nh4 Be7 16. Ng3 g6 17. Bh6 Rg8 18. Ne4 f5 19. Nxf5 gxf5 20. Rxf5 Nb4 21. Qh5+
Kd8 22. Raf1 Nbxd3 23. cxd3 Qc2 24. Bg5 Bxe4 25. dxe4 Bxg5 26. Rxg5 Rg6 27.
Rxg6 Nxg6 28. Qxh7 Qc5+ 29. Kh1 Qc7 1-0

[Event "Sparkassen-Open A"]
[Site "Heusenstamm, Martinsee"]
[Date "2016.11.27"]
[Round "4.20"]
[White "Marzahn, Heiko"]
[Black "Klundt, Klaus"]
[Result "0-1"]
[WhiteElo "2059"]
[BlackElo "2300"]
[PlyCount "52"]
[EventDate "2016.??.??"]
[WhiteTeam "Sfr. Erbach"]
[BlackTeam "SC Heusenstamm"]

1. e4 Nf6 2. Nc3 e5 3. Nf3 d6 4. d4 Nbd7 5. Bc4 Be7 6. a4 O-O 7. a5 c6 8. O-O
h6 9. Re1 Re8 10. d5 Qc7 11. Qe2 a6 12. dxc6 bxc6 13. h3 Bb7 14. Rd1 Nc5 15.
Be3 Nfd7 16. Na4 Nxa4 17. Rxa4 Nf6 18. Bb6 Qc8 19. Ba2 Bf8 20. c4 c5 21. Bb1
Qc6 22. Ra3 Nxe4 23. Nh4 g6 24. Bc2 Re6 25. Re3 Ng5 26. Rg3 Bg7 0-1

[Event "Sparkassen-Open A"]
[Site "Heusenstamm, Martinsee"]
[Date "2016.11.27"]
[Round "4.21"]
[White "Konik, Michael"]
[Black "Zieher, Hartmut"]
[Result "0-1"]
[WhiteElo "2049"]
[BlackElo "2285"]
[PlyCount "116"]
[EventDate "2016.??.??"]
[WhiteTeam "SK Mainaschaff"]
[BlackTeam "Hamburger SK"]

1. e4 e5 2. Nf3 Nc6 3. Bc4 Bc5 4. c3 Nf6 5. d4 exd4 6. cxd4 Bb4+ 7. Nc3 Nxe4 8.
O-O Bxc3 9. d5 Bf6 10. Re1 Ne7 11. Rxe4 d6 12. Bg5 Bxg5 13. Nxg5 h6 14. Qh5 O-O
15. Rae1 Nf5 16. Nxf7 Qf6 17. g4 Qxf7 18. Qxf7+ Rxf7 19. Re8+ Rf8 20. gxf5 Bxf5
21. Rxa8 Rxa8 22. Re7 Rc8 23. Kg2 Kf8 24. Re3 Re8 25. Rb3 b6 26. Rf3 g6 27. Bd3
Re5 28. Bxf5 Rxf5 29. Rc3 Rf7 30. h4 a5 31. Kg3 Ke8 32. Re3+ Re7 33. Rf3 Re5
34. Rf6 Rxd5 35. Rxg6 h5 36. Rg7 Rc5 37. Rh7 a4 38. Kf4 c6 39. Rh8+ Kf7 40.
Rh7+ Kg6 41. Rd7 Rc4+ 42. Kg3 Rg4+ 43. Kh3 Rd4 44. Rd8 b5 45. Kg3 c5 46. f3 b4
47. Rg8+ Kf7 48. Rg5 Rd2 49. Rxh5 Rxb2 50. Kf4 Rxa2 51. Kf5 Rg2 52. Rh6 a3 53.
Rxd6 a2 54. Ra6 b3 55. Ra7+ Kg8 56. Kf6 Rg1 57. Ra8+ Kh7 58. Ra7+ Kh6 0-1

[Event "Sparkassen-Open A"]
[Site "Heusenstamm, Martinsee"]
[Date "2016.11.27"]
[Round "4.22"]
[White "Keller, Peter"]
[Black "Schlößner, Henrik"]
[Result "1-0"]
[WhiteElo "2269"]
[BlackElo "2050"]
[PlyCount "43"]
[EventDate "2016.??.??"]
[WhiteTeam "Frankfurter TV"]
[BlackTeam "SK Gründau"]

1. e4 c6 2. d4 d5 3. e5 Bf5 4. Nf3 e6 5. Be2 c5 6. Be3 Qb6 7. Nc3 Nc6 8. dxc5
Bxc5 9. Bxc5 Qxc5 10. Nb5 O-O-O 11. Nd6+ Rxd6 12. exd6 Qxd6 13. Nd4 Qe5 14.
Nxf5 Qxf5 15. O-O Nf6 16. Qd3 Qf4 17. Qg3 Nd4 18. Bd3 Qh6 19. c4 Ne4 20. Qe3
Qf6 21. cxd5 Ng5 22. f4 1-0

[Event "Sparkassen-Open A"]
[Site "Heusenstamm, Martinsee"]
[Date "2016.11.27"]
[Round "4.23"]
[White "Syed, Tareq"]
[Black "Henrich, Thomas"]
[Result "0-1"]
[WhiteElo "2032"]
[BlackElo "2221"]
[PlyCount "74"]
[EventDate "2016.??.??"]
[WhiteTeam "SC Brett vorm Kopp"]
[BlackTeam "SK Marburg"]

1. d3 c5 2. g3 Nf6 3. Bg2 Nc6 4. e4 e6 5. Nd2 d5 6. Nh3 Be7 7. O-O O-O 8. f4
dxe4 9. dxe4 e5 10. c3 Bg4 11. Qe1 exf4 12. gxf4 Qd7 13. Qg3 Rad8 14. Nf2 h5
15. Bf3 h4 16. Qg2 Bh5 17. e5 Bxf3 18. Nxf3 Nd5 19. Ng4 f5 20. Nf2 Qe6 21. Nh3
Qh6 22. Nhg5 Nc7 23. Be3 Rd3 24. Qf2 Ne6 25. Nxe6 Qxe6 26. Ne1 Rd5 27. c4 Rd7
28. Bxc5 Qxc4 29. Bxe7 Rxe7 30. Ng2 h3 31. Ne3 Qe4 32. Qf3 Nd4 33. Qxh3 Ne2+
34. Kf2 Nxf4 35. Qf3 Qxe5 36. Nc4 Qc5+ 37. Ne3 Nd3+ 0-1

[Event "Sparkassen-Open A"]
[Site "Heusenstamm, Martinsee"]
[Date "2016.11.27"]
[Round "4.24"]
[White "Prill, Daniel"]
[Black "Schweizer, Manfred"]
[Result "1-0"]
[WhiteElo "2198"]
[BlackElo "2044"]
[PlyCount "45"]
[EventDate "2016.??.??"]
[WhiteTeam "SC Heitersheim"]
[BlackTeam "Post-SV Memmingen"]

1. d4 Nf6 2. Nf3 c5 3. e3 g6 4. b3 Bg7 5. Bb2 b6 6. Be2 Bb7 7. O-O O-O 8. c4
Ne4 9. Nfd2 cxd4 10. exd4 d5 11. Nxe4 dxe4 12. Qd2 Nc6 13. d5 Ne5 14. Nc3 e6
15. Rad1 exd5 16. Nxd5 Qh4 17. f4 Bxd5 18. cxd5 Ng4 19. Bxg4 Bxb2 20. Bf5 e3
21. Qxb2 gxf5 22. Rf3 f6 23. Qe2 1-0

[Event "Sparkassen-Open A"]
[Site "Heusenstamm, Martinsee"]
[Date "2016.11.27"]
[Round "4.25"]
[White "Schmitt, Carsten"]
[Black "Lorscheid, Gerhard"]
[Result "0-1"]
[WhiteElo "2025"]
[BlackElo "2197"]
[PlyCount "80"]
[EventDate "2016.??.??"]
[WhiteTeam "SV Bergwinkel"]
[BlackTeam "Stuttgarter SF"]

1. c4 g6 2. g3 Bg7 3. Bg2 e5 4. Nc3 d6 5. d3 f5 6. e3 Nf6 7. Nge2 O-O 8. O-O c6
9. b3 a5 10. Qd2 Na6 11. Ba3 Re8 12. h3 Nc5 13. Rad1 Qc7 14. f4 exf4 15. exf4
Bd7 16. Rfe1 Re7 17. Nc1 Rae8 18. Rxe7 Rxe7 19. Re1 Rxe1+ 20. Qxe1 Ne6 21. N1e2
b5 22. cxb5 cxb5 23. Nd5 Nxd5 24. Bxd5 b4 25. Bxe6+ Bxe6 26. Bc1 Bd5 27. Be3
Ba8 28. g4 Qc6 29. Qg3 Qc2 30. Kf2 Qxd3 31. gxf5 Qxf5 32. Qg4 Qxg4 33. hxg4 Bd5
34. Bb6 a4 35. Ba5 Bxb3 36. Nc1 Bxa2 37. Nxa2 b3 38. Nc3 Bxc3 39. Bxc3 a3 40.
Bb4 b2 0-1

[Event "Sparkassen-Open A"]
[Site "Heusenstamm, Martinsee"]
[Date "2016.11.27"]
[Round "4.26"]
[White "Chan, Kim Yew"]
[Black "Zweschper, Erich"]
[Result "1-0"]
[WhiteElo "2169"]
[BlackElo "2036"]
[PlyCount "77"]
[EventDate "2016.??.??"]
[WhiteTeam "Subang Jaya Chess Club"]
[BlackTeam "SVG Eppstein"]

1. d4 d6 2. Nf3 g6 3. c4 Bg7 4. g3 Nd7 5. Bg2 e5 6. O-O Ne7 7. Nc3 O-O 8. e4
Nc6 9. Bg5 f6 10. Be3 h6 11. Qd2 Kh7 12. d5 Ne7 13. Ne1 f5 14. Nd3 Nf6 15. f4
Ng4 16. fxe5 Nxe3 17. Qxe3 dxe5 18. Rae1 fxe4 19. Qxe4 Bf5 20. Qe2 Bxd3 21.
Qxd3 Qd6 22. Kh1 Nf5 23. b3 Rad8 24. Nb5 Qc5 25. Be4 Ne7 26. b4 Qxb4 27. Nxc7
Nf5 28. Ne6 Rfe8 29. Bxf5 gxf5 30. Qxf5+ Kh8 31. Nxd8 Rxd8 32. Qe4 Rc8 33. Rb1
Qc3 34. Rxb7 a5 35. Qg4 Rg8 36. Rxg7 Rxg7 37. Rf8+ Kh7 38. Qf5+ Rg6 39. Rf7+
1-0

[Event "Sparkassen-Open A"]
[Site "Heusenstamm, Martinsee"]
[Date "2016.11.27"]
[Round "4.27"]
[White "Prill, Gerhard"]
[Black "Olsen, Filip Boe"]
[Result "0-1"]
[WhiteElo "2018"]
[BlackElo "2136"]
[PlyCount "78"]
[EventDate "2016.??.??"]
[WhiteTeam "SC Heitersheim"]
[BlackTeam "SG Turm Kiel"]

1. e4 c6 2. d4 d5 3. Nc3 dxe4 4. Nxe4 Bf5 5. Ng3 Bg6 6. h4 h6 7. Nf3 Nf6 8. h5
Bh7 9. Bd3 Bxd3 10. Qxd3 e6 11. Bf4 Qa5+ 12. Bd2 Bb4 13. c3 Be7 14. Ne5 O-O 15.
O-O Rd8 16. Rfe1 Nbd7 17. Nxf7 Kxf7 18. Qg6+ Kf8 19. Rxe6 Ne8 20. Rxe7 Kxe7 21.
Nf5+ Kf8 22. Nxg7 Ne5 23. Ne6+ Ke7 24. Qxh6 Nf7 25. Qf8+ Kxe6 26. Re1+ Kf6 27.
Re5 Qxe5 28. dxe5+ Ke6 29. Be3 Nf6 30. Qb4 Nxe5 31. Qb3+ Kf5 32. Bd4 Re8 33. c4
Rad8 34. Qh3+ Nfg4 35. Qc3 c5 36. Qc2+ Ke6 37. Bxc5 Rg8 38. Kf1 b6 39. Bb4 a5
0-1

[Event "Sparkassen-Open A"]
[Site "Heusenstamm, Martinsee"]
[Date "2016.11.27"]
[Round "4.28"]
[White "Budzyn, Matthias"]
[Black "Calvi, Stefan"]
[Result "1/2-1/2"]
[WhiteElo "2166"]
[BlackElo "2021"]
[PlyCount "152"]
[EventDate "2016.??.??"]
[WhiteTeam "SG Turm Kiel"]
[BlackTeam "SF Frankfurt"]

1. e4 c5 2. c3 d5 3. exd5 Qxd5 4. d4 Bf5 5. dxc5 Qxd1+ 6. Kxd1 e5 7. b4 a5 8.
Bb5+ Nc6 9. Nd2 Nge7 10. Nc4 Nd5 11. Bxc6+ bxc6 12. Bd2 axb4 13. cxb4 O-O-O 14.
Kc1 f6 15. Nf3 Bd3 16. Nb2 Ba6 17. Re1 Be7 18. Kc2 g5 19. a3 Rhf8 20. g3 Rd7
21. Rad1 Bd8 22. Kb3 Bc7 23. Bc1 g4 24. Nd2 f5 25. Ndc4 e4 26. Ne3 Nxe3 27.
Rxd7 Kxd7 28. Bxe3 Ke6 29. Rd1 h5 30. Nc4 h4 31. Bf4 Rd8 32. Rxd8 Bxd8 33. a4
Be7 34. Ne5 hxg3 35. hxg3 Kd5 36. Nd7 Kd4 37. Be3+ Kd5 38. Kc3 Bd8 39. Bf4 Be2
40. a5 Bc4 41. Nb8 Bf6+ 42. Kd2 Bd4 43. a6 Bxa6 44. Nxa6 Bxf2 45. Nb8 Bd4 46.
Nd7 Kc4 47. Ne5+ Kd5 48. Ng6 Kc4 49. Ne7 Bc3+ 50. Kc2 Bxb4 51. Nxf5 Bxc5 52.
Be3 Bb4 53. Bf2 Kd5 54. Ne3+ Ke5 55. Nxg4+ Kf5 56. Ne3+ Ke5 57. Kb3 Be7 58. Kc4
Bf8 59. Nc2 Kf5 60. Bb6 Kg4 61. Bc7 Bg7 62. Bf4 Kf3 63. Ne3 Bb2 64. Nf5 Bf6 65.
Kb3 Kg4 66. Ne3+ Kf3 67. Nc4 Ke2 68. g4 Bd4 69. g5 Kf3 70. Be3 Bg7 71. Kc2 Bf8
72. Bd4 c5 73. Be3 Kg4 74. Ne5+ Kf5 75. Nc4 Be7 76. Kd1 Bxg5 1/2-1/2

[Event "Sparkassen-Open A"]
[Site "Heusenstamm, Martinsee"]
[Date "2016.11.27"]
[Round "4.29"]
[White "Hilzinger, Markus"]
[Black "Neukirchner, Pascal"]
[Result "1/2-1/2"]
[WhiteElo "2133"]
[BlackElo "2026"]
[PlyCount "70"]
[EventDate "2016.??.??"]
[WhiteTeam "SC Pforzheim"]
[BlackTeam "SK Gründau"]

1. c4 Nf6 2. Nf3 e6 3. g3 d5 4. Bg2 Be7 5. O-O O-O 6. d4 dxc4 7. Ne5 Nc6 8.
Bxc6 bxc6 9. Nxc6 Qe8 10. Nxe7+ Qxe7 11. Qa4 Rb8 12. Qxc4 Rb4 13. Qc5 Qxc5 14.
dxc5 Ne4 15. b3 Ba6 16. Re1 Rd8 17. f3 Nf6 18. Nc3 Nd5 19. Nxd5 Rxd5 20. Be3
Rb8 21. Kf2 c6 22. Rec1 f6 23. g4 e5 24. Rab1 Rd7 25. Ke1 Kf7 26. Rd1 Rbd8 27.
Rd6 Rxd6 28. cxd6 Rxd6 29. Bxa7 Rd5 30. Rc1 Ra5 31. Rxc6 Rxa2 32. e3 Be2 33.
Rc7+ Kg6 34. Kf2 Bc4+ 35. Kg3 Bf1 1/2-1/2

[Event "Sparkassen-Open A"]
[Site "Heusenstamm, Martinsee"]
[Date "2016.11.27"]
[Round "4.30"]
[White "Will, Jens"]
[Black "Erdmann, Stefan"]
[Result "0-1"]
[WhiteElo "2011"]
[BlackElo "2155"]
[PlyCount "82"]
[EventDate "2016.??.??"]
[WhiteTeam "SK Gernsheim"]
[BlackTeam "SC Bad Soden"]

1. c4 Nf6 2. Nc3 e5 3. g3 c6 4. Bg2 Bb4 5. Qb3 Qe7 6. d3 h6 7. Bd2 a5 8. a3
Bxc3 9. Bxc3 a4 10. Qc2 d6 11. e3 Nbd7 12. Ne2 Nc5 13. O-O Bf5 14. e4 Bg4 15.
f3 Bh5 16. d4 Nb3 17. Rad1 Nd7 18. Bh3 f6 19. Bb4 Rd8 20. Bxd7+ Rxd7 21. dxe5
fxe5 22. Qd3 c5 23. Bc3 O-O 24. Nc1 Nd4 25. Bxd4 cxd4 26. Na2 Qg5 27. Nb4 Qe3+
28. Qxe3 dxe3 29. Rde1 Rxf3 30. Rxf3 Bxf3 31. Rxe3 Rf7 32. Nd5 Bg4 33. Kg2 Kf8
34. Nc3 Rc7 35. Nxa4 Rxc4 36. Nc3 Rd4 37. b4 Rd2+ 38. Kg1 Bh3 39. Re2 Rd3 40.
Nb5 Rd1+ 41. Kf2 Bf1 0-1